00823 a2200205 4500010001400000020002400014035001300038037001600051082001400067090001700081100002500098245010100123260004600224270006900270300004200339500005000381942003000431999001700461952013900478 aENG-90047 c650.00a0195689077X aEN-73580 bDBAD / PUB14a930.10954 c12228d122281 aRay, Himanshu Prabha1 aColonial archaeology in South Asia:cby Himanshu Prabha Raybthe legacy of Sir Mortimer Wheeler/ aNew DelhibOxford University Pressc2008 aYMCA Library Building, Jai Singh RoadbNew DelhicDelhie110001 axii, 291p.:c23 cm. (Hb)bb&w photos aIncludes bibliographical references & index. adplcENk 930.10954 / RAY c11874d11874 00102ddc40718NFICaDBADbDBADeDBAD/PUBg650.00l0o930.10954 RAYpEN-73580r2008-09-15 00:00:00t1u12989v650.00w2008-09-15yEN